Revista de Zoología / (Record no. 22132)

000 -CABECERA
fixed length control field 01468nam a22002417a 4500
003 - IDENTIFICADOR DEL NÚMERO DE CONTROL
control field AR-CdUCM
008 - DATOS DE LONGITUD FIJA--INFORMACIÓN GENERAL
fixed length control field 190605b ||||| |||| 00| 0 spa d
040 ## - FUENTE DE LA CATALOGACIÓN
Agencia/entidad que catalogó originalmente la obra MUNICIPALIDAD PROVINCIAL DEL CUSCO
Entidad que transcribió la catalogación BIBLIOTECA MUNICIPAL DEL CUSCO
082 ## - NÚMERO DE LA CLASIFICACIÓN DECIMAL DEWEY
No. de Clasificación RevZoo/N°2/1986
110 ## - ENTRADA PRINCIPAL--NOMBRE DE ENTIDAD CORPORATIVA
Nombre de la institución, jurisdicción como entrada principal Universidad Nacional de San Antonio Abad del Cusco
9 (RLIN) 15942
245 ## - MENCIÓN DE TÍTULO
Título Revista de Zoología /
Mención de responsabilidad Facultad de Ciencias Biológicas y Geografía
260 ## - PUBLICACIÓN, DISTRIBUCIÓN, ETC.
Lugar de publicación, distribución, etc. Cusco.
Nombre de la editorial, distribuidor, etc. Yañez,
Fecha de publicación, distribución, etc. 1986.
300 ## - DESCRIPCIÓN FÍSICA
Nº de Páginas Extensión 101 páginas ;
Otros detalles físicos Ilustraciones,
Dimensiones 29 cm.
440 ## - MENCIÓN DE SERIE/PUNTO DE ACCESO ADICIONAL--TÍTULO
Título Revista de Zoología.
Número de la parte/sección de una obra Volumen 2, N°2, 1986.
9 (RLIN) 47508
505 ## - NOTA DE CONTENIDO CON FORMATO
Nota de contenido formateada Contenido: Actividades de los Biólogos en las áreas de Zoología y Ecología. -- Aves registradores en las lagunas de Huacarpac Cusco. Ceballos B, Ismael. -- Un informe sobre el viaje de prácticas de Zoología económica realizado al departamento de Ayacucho en 1965. -- Gusanos cortadores de chocleros del maíz en el Cusco. -- Fósiles de camélidos del cuaternario del valle del Cusco. José Ángel Ramírez. -- Busqueda de tecnología para la introducción y adaptación de la cochinilla del carmín en la comunidad de Ccapa Paruro. Edgar Ormachea. -- Análisis coproparasitológico en el poblado de Aguas Calientes Machupicchu. Flavia Muñiz. ...
650 ## - PUNTO DE ACCESO ADICIONAL DE MATERIA--TÉRMINO DE MATERIA
Descriptor Ecología
9 (RLIN) 4960
650 ## - PUNTO DE ACCESO ADICIONAL DE MATERIA--TÉRMINO DE MATERIA
Descriptor Biología
9 (RLIN) 881
650 ## - PUNTO DE ACCESO ADICIONAL DE MATERIA--TÉRMINO DE MATERIA
Descriptor Zoología cusqueña
9 (RLIN) 47509
700 ## - PUNTO DE ACCESO ADICIONAL--NOMBRE DE PERSONA
Nombre Personal Escalante, Jose A.
9 (RLIN) 43340
700 ## - PUNTO DE ACCESO ADICIONAL--NOMBRE DE PERSONA
Nombre Personal Ochoa, Oscar
9 (RLIN) 43341
942 ## - ELEMENTOS DE PUNTO DE ACCESO ADICIONAL (KOHA)
Fuente de clasificación
Tipo de item Revistas cusqueñas
945 ## - PROCESAMIENTO DE INFORMACIÓN LOCAL (OCLC)
Catalogador vhl
Holdings
Estado de retiro (separado) Fuente de clasificación o esquema de estanterías Estado dañado Ubicación Sala donde se ubica Nombre de la colección Fecha de adquisición o compra Costo, precio normal en soles Signatura topográfica Código de Barras Última vez visto (Koha) Tipo de ítem (Koha)
No     Sala Hemeroteca Sala Hemeroteca Book Cart 2022-03-09 5.00 RevZoo/N°2/1986 REVC000656 2022-03-09 Revistas cusqueñas

Powered by Koha